| 000 | 00803nam a2200229 a 4500 | ||
|---|---|---|---|
| 001 | BRCA_5255 | ||
| 005 | 20190320205014.0 | ||
| 008 | 301110s1939----sz-a######---#000-0#ger-# | ||
| 041 | _ager | ||
| 044 | _asz | ||
| 050 | 4 |
_aND623.L4 _b.N53 1939 |
|
| 100 | 1 |
_aNicodemi, Giorgio _913462 |
|
| 245 | 1 | 0 |
_aLeonardo da Vinci _bGemälde, Zeichnungen, Studien _cherausgegeben von Giorgio Nicodemi. |
| 260 |
_aZürich, Suiza _bFretz & Wasmuth _cc1939 |
||
| 300 |
_a47 p. _bil. (algunas a color), 168 láminas _c24 cm. |
||
| 500 | _aIncluye índice de ilustraciones, guía de las principales obras de Leonardo Da Vinci, índice de fotografías e índice de grabados | ||
| 500 | _aE74 | ||
| 600 | 1 | 4 |
_aLeonardo da Vinci _d1452-1519 _913463 |
| 650 | 1 | 4 |
_aPintores italianos _97654 |
| 902 | _aGFM | ||
| 942 |
_2lcc _cB |
||
| 999 |
_c4949 _d4949 |
||